| 000 | 00954 am a22003015a 4500 | ||
|---|---|---|---|
| 001 | 008385917 | ||
| 003 | OSt | ||
| 005 | 20180214152748.0 | ||
| 008 | 040217s2004 enka frb 001 0 eng d | ||
| 015 |
_aGBA4Y7135 _2bnb |
||
| 016 | 7 |
_a008385917 _2Uk |
|
| 020 | _a0750663154 (pbk) | ||
| 020 | _a9780750663151 | ||
| 040 |
_aStDuBDS _beng _cUk _dUk _dEG-ScBUE |
||
| 082 | 0 | 4 |
_a623.88 _bHOU _222 |
| 100 | 1 | _aHouse, D. J. | |
| 245 | 1 | 0 |
_aSeamanship techniques : _bfor shipboard & maritime operations / _cD. J. House. |
| 246 | 3 |
_aSeamanship techniques : _bfor shipboard and maritime operations |
|
| 250 | _a3rd ed. | ||
| 260 |
_aOxford : _bElsevier Butterworth-Heinemann, _c2004. |
||
| 300 |
_axxii, 730 p. : _bill. ; _c25 cm. |
||
| 500 | _aPrevious ed. : 2001. | ||
| 504 | _aIncludes bibliographical references and index. | ||
| 650 | 7 |
_aSeamanship _vHandbooks, manuals, etc. _2BUEsh |
|
| 651 | _2BUEsh | ||
| 653 |
_bENGGEN _cFebruary2018 |
||
| 942 | _2ddc | ||
| 999 |
_c26142 _d26114 |
||